| 000 | 00498nam a2200193Ia 4500 | ||
|---|---|---|---|
| 008 | 151121s9999||||xx |||||||||||||| ||und|| | ||
| 082 | _a030/ FAR | ||
| 082 | _bHNW-67625 | ||
| 100 | _aFarmer D।H। | ||
| 245 | 4 | _aThe Oxford Dictionary Of Saints | |
| 260 | _bClarendon Press | ||
| 260 | _c-- | ||
| 300 | _a435 | ||
| 600 | _aFarmer D।H। | ||
| 630 | _aThe Oxford Dictionary Of Saints | ||
| 700 | _aFarmer D।H। | ||
| 730 | _aThe Oxford Dictionary Of Saints | ||
| 942 | _cBOOK | ||
| 999 |
_c1249119 _d1249116 |
||